Chinese painting / (Record no. 16572)
[ view plain ]
| 000 -LEADER | |
|---|---|
| fixed length control field | 00656nam a2200241 a 4500 |
| 001 - CONTROL NUMBER | |
| control field | 16572 |
| 003 - CONTROL NUMBER IDENTIFIER | |
| rucl marc code | BD-RjUL |
| 005 - DATE AND TIME OF LATEST TRANSACTION | |
| control field | 20211209000027.0 |
| 008 - FIXED-LENGTH DATA ELEMENTS--GENERAL INFORMATION | |
| fixed length control field | 14 t1969 enkac 000 0 eng d |
| 035 ## - SYSTEM CONTROL NUMBER | |
| System control number | (BD-RjUL)16627 |
| 040 ## - CATALOGING SOURCE | |
| Original cataloging agency | DLC |
| Language of cataloging | eng |
| Transcribing agency | DLC |
| Modifying agency | BD-RjUL |
| 041 1# - LANGUAGE CODE | |
| Language code of text/sound track or separate title | eng |
| Language code of original | ita |
| 082 04 - DEWEY DECIMAL CLASSIFICATION NUMBER | |
| Classification number | 759.952 |
| Author mark and year | BUC 1969 |
| 100 1# - MAIN ENTRY--PERSONAL NAME | |
| Personal name | Bussagli, Mario. |
| 9 (RLIN) | 51206 |
| 245 10 - TITLE STATEMENT | |
| Title | Chinese painting / |
| Statement of responsibility, etc. | Mario Bussagli |
| 250 ## - EDITION STATEMENT | |
| Edition statement | 3rd ed. |
| 260 ## - PUBLICATION, DISTRIBUTION, ETC. (IMPRINT) | |
| Place of publication, distribution, etc. | London : |
| Name of publisher, distributor, etc. | P. Hamlyn, |
| Date of publication, distribution, etc. | 1969. |
| 300 ## - PHYSICAL DESCRIPTION | |
| Pagination | 157 p. : |
| Illustrations | col. ill. ; |
| Size | 20 cm. |
| 500 ## - GENERAL NOTE | |
| General note | Translation of: La pittura cinese |
| 650 #0 - SUBJECT ADDED ENTRY--TOPICAL TERM | |
| Topical term or geographic name as entry element | Painting, Chinese |
| 9 (RLIN) | 51207 |
| 942 ## - ADDED ENTRY ELEMENTS (KOHA) | |
| Source of classification or shelving scheme | Dewey Decimal Classification |
| Koha item type | Books |
| Lost status | Source of classification or shelving scheme | Damaged status | Not for loan | Collection code | Permanent Location | Current Location | Shelving location | Date acquired | Source of acquisition | Cost, normal purchase price | Total Checkouts | Full call number | Date last seen | Copy number | Koha item type |
|---|---|---|---|---|---|---|---|---|---|---|---|---|---|---|---|
| Dewey Decimal Classification | Not For Loan | Non-fiction | Central Library, University of Rajshahi | Central Library, University of Rajshahi | Reading Room | 30/01/1970 | Eoro pak | 14.00 | 759.952 BUC 1969 | 13/02/2014 | C-1 | Books |